000 00350nam a2200145Ia 4500
008 191201s2009 xx 000 0 und d
082 _a004.22
_bGOC
100 _aGovindarajalu,B
245 0 _aComputer Architecture and Organization
250 _aREP
260 _aN.Delhi
_bTMH
_c2009
300 _a698
650 _aB.Tech(IT)
942 _2ddc
_cBK
_01
999 _c4245
_d4245